000 00622nam a2200205 a 4500
001 BRL_905
005 20190320210939.0
008 231013s1960----mx-a######---#000-0#spa-#
041 _aspa
044 _amx
050 4 _aF1391.O12
_b.O39 1960
245 1 0 _aOaxaca
260 _aMéxico
_bAsosiación Mexicana de Turismo : Departamento de Turismo de la Secretaría de Gobernación
_c[1960?]
300 _a24 p.
_bil., mapas
_c20 cm.
500 _aAu1044
651 4 _aOaxaca de Juárez (México)
_xHistoria
_95304
651 4 _aOaxaca de Juárez (México)
_xDescripción y viajes
_925282
902 _aGRL
942 _2lcc
_cB
999 _c9717
_d9717